20 Least Densely Populated Countries Quiz Stats

 Plays Quiz Updated Jul 6, 2014

Support Sporcle.
Go Orange.
Score 0/20 Timer 03:00
1 Play Today
% Correct
Mongolia
87.9%
Canada
86%
Australia
85.9%
Kazakhstan
81.6%
Iceland
76.8%
Russia
75.7%
Mauritania
73.1%
Chad
70.4%
Mali
68%
Libya
67.9%
% Correct
Namibia
67%
Turkmenistan
66.4%
Botswana
56.9%
Denmark
55.2%
Central African Republic
54.5%
Oman
46.2%
Bolivia
43.4%
Suriname
43%
Guyana
42.1%
Gabon
37.3%

You're not logged in!

Compare scores with friends on all Sporcle quizzes.
OR
Log In

From the Vault

Alphabetical Jumbles: Presidents

by El_Dandy

Who was your favorite President? President Klop or President Innox?
Remove Ads.
Support Sporcle.
Get the best of Sporcle when you Go Orange. This ad-free experience offers more features, more stats, and more fun while also helping to support Sporcle. Thank you for becoming a member.

Show Comments

Extras

Top Quizzes Today


Score Distribution

Your Account Isn't Verified!

In order to create a playlist on Sporcle, you need to verify the email address you used during registration. Go to your Sporcle Settings to finish the process.

Report this User

Report this user for behavior that violates our Community Guidelines.

Details: